000 01024nam a2200301 4500
001 0000016995
003 CO-CtgCURN
005 20250331184730.0
007 ta
008 160627s1996 000 0 eng d
020 _a9580435146
040 _aCO-CtgCURN
_bspa
_ccoctgcurn
082 0 _a510.1
_bS34m
100 1 _aSeiter, Charles.
245 1 0 _aMatemática de uso diario para dummies /
_cCharles Seiter , traducción María Mercedes Correa.
260 _aBogotá :
_bNorma,
_c1996.
300 _a358 p.
336 _2rdacontent
337 _2rdamedia
_asin mediacion
_bn
338 _2rdacarrier
_avolumen
_bnc
505 8 _aDinero personal.--Matemática de los negocios.--Secretos de la matemática colegial.--Ratos de ocio.--La parte de las decenas
534 _aEveryday math for dummies.
650 1 4 _aMatemáticas.
700 1 _aCorrea, María Mercedes,
_eTraductor.
908 _a160627
942 _cBK
_h510.1
_iS34m
_2ddc
999 _c20711
_d20711